000 00929nam a2200217 4500
003 CBULib
005 20240917134547.0
008 240917b |||||||| |||| 00| 0 eng d
040 _aCBULib
_bEnglish
_cCBULib
_erda
041 _aeng
050 _aGOV.ZAM(02)2001/1
110 _93603
_aGovernment of the Republic of Zambia. Ministry of Commerce, Trade and Industry, Patents and Companies Registration Office (Zambia)
245 _c/ by Government of the Republic of Zambia. Ministry of Commerce, Industry and Trade, Patents and Companies Registration Office (Zambia)
_aBasic facts about registration of companies in Zambia
260 _aLusaka :
_bPatents and Companies Registration Office (Zambia)
_c[2001]
300 _aii, 9 pages
336 _2rdacontent
_aText |
_btxt
337 _2rdamedia
_aUnmediated |
_bn
338 _2rdacarrier
_aVolume
_bnc
650 _aPATENT LAWS AND LEGISTLATION--ZAMBIA
942 _2mc
_c021
999 _c85440
_d85440